000 00719nam a2200229Ia 4500
003 OSt
005 20221005133804.0
006 a|||||r|||| 00| 0
007 ta
008 221004b |||||||| |||| 00| 0 pan d
024 _a63405
037 _cTextual
040 _aCRL
_cCRL
_bpan
041 _2pan
_apan
082 _aO153,3:gN5, M7
100 _aਭੋਗਲ, ਹਿਰਦੇਜੀਤ ਸਿੰਘ, ਂਚ.
245 0 _aਪੰਜਾਬੀ ਕਹਾਣੀ ਵਿਚ ਰਾFਟਰਵਾਦ
260 _c1987
650 _aਪੰਜਾਬੀ ਸਾਹਿਤ
942 _hO153,3:gN5, M7
_cTEXL
_2cc
999 _c1067893
_d1067893